| 000 | 00552cam a2200217ua 4500 | ||
|---|---|---|---|
| 020 |
_a81-85240-45-0 _c105.00 |
||
| 041 |
_aeng _h |
||
| 082 |
_a621.4021 _bGUP/EN |
||
| 100 | _aGupta, C P. | ||
| 245 |
_aEngineering thermodynamics / _cC P Gupta. _hTextual Documents |
||
| 250 |
_a5 / _b. |
||
| 260 |
_aRoorkhee : _bNew chand and brothers , _c1991. |
||
| 300 |
_a851 : _b506 ; . |
||
| 365 | _a105.00 | ||
| 500 | _a*CSS | ||
| 504 | _a | ||
| 700 | 1 | _aPrakash, Rajendra . | |
| 942 | _cBK | ||
| 999 |
_c10561 _d10561 |
||